[Event "Guernsey International Chess Festival 2"]
[Site "?"]
[Date "2019.10.22"]
[Round "3.7"]
[White "Dilleigh, Stephen P"]
[Black "Rosen, Daniel B"]
[Result "1/2-1/2"]
[WhiteElo "2037"]
[BlackElo "1990"]
[PlyCount "104"]
[EventDate "2019.??.??"]

1. Nf3 d6 2. d4 Bg4 3. c4 c6 4. Nc3 Nd7 5. e4 Ngf6 6. Be2 Bxf3 7. Bxf3 e5 8.
O-O Be7 9. d5 O-O 10. Be3 cxd5 11. cxd5 Qa5 12. Qa4 Qxa4 13. Nxa4 Rfc8 14. Rfc1
a6 15. Nb6 Nxb6 16. Bxb6 Kf8 17. Kf1 Ke8 18. Ke2 Bd8 19. Be3 h6 20. Kd3 Rc7 21.
Rxc7 Bxc7 22. Rc1 Rc8 23. g3 Kd8 24. b4 Bb8 25. Rxc8+ Kxc8 26. a4 Bc7 27. Be2
Kd8 28. f4 Nd7 29. Bg4 f6 30. Bxd7 Kxd7 31. f5 b5 32. a5 Bd8 33. Ke2 Ke8 34.
Kf3 Kf7 35. Kg4 Be7 36. Kh5 Bd8 37. Bb6 Be7 38. h4 Kf8 39. Kg6 Kg8 40. Be3 Bd8
41. g4 Be7 42. g5 hxg5 43. hxg5 fxg5 44. Bxg5 Bxg5 45. Kxg5 Kf7 46. Kh5 Kf6 47.
Kh4 g6 48. fxg6 Kxg6 49. Kg4 Kf6 50. Kh5 Kf7 51. Kg5 Kg7 52. Kf5 Kf7 1/2-1/2

[Event "Guernsey International Chess Festival 2"]
[Site "?"]
[Date "2019.10.22"]
[Round "3.8"]
[White "Spanton, Timothy R"]
[Black "Van den Boogaart, Jan Maarten"]
[Result "0-1"]
[WhiteElo "1927"]
[BlackElo "2039"]
[PlyCount "96"]
[EventDate "2019.??.??"]

1. e4 c5 2. Nf3 Nc6 3. Bb5 d6 4. d4 cxd4 5. Qxd4 Bd7 6. Bxc6 Bxc6 7. Nc3 Nf6 8.
Bg5 e6 9. O-O-O Be7 10. Rhe1 Qc7 11. Kb1 a6 12. Qd3 b5 13. Bxf6 gxf6 14. Nd4
Bb7 15. f3 Rc8 16. Rd2 b4 17. Nce2 Rg8 18. e5 fxe5 19. Qxh7 Rg6 20. Nb3 Bf8 21.
f4 Be4 22. Ka1 d5 23. Qh8 exf4 24. g3 fxg3 25. Nxg3 Qb6 26. Nxe4 dxe4 27. Qe5
e3 28. Rde2 Bg7 29. Qe4 a5 30. Kb1 a4 31. Nc1 Qd4 32. Qxd4 Bxd4 33. Nd3 Rb8 34.
Nf4 Rh6 35. Nd3 f5 36. Rg1 Kf7 37. Reg2 Rh7 38. Nf4 e5 39. Ne2 Bc5 40. Rg5 Kf6
41. Rg6+ Kf7 42. Rc6 Rxh2 43. Rxc5 Rxe2 44. Rxe5 Kf6 45. Rd5 Rf2 46. Rdd1 f4
47. Rgf1 Rxf1 48. Rxf1 e2 0-1

[Event "Guernsey International Chess Festival 2"]
[Site "?"]
[Date "2019.10.22"]
[Round "3.10"]
[White "Collier, David O"]
[Black "Canonne, Antoine"]
[Result "1-0"]
[WhiteElo "2009"]
[BlackElo "1908"]
[PlyCount "87"]
[EventDate "2019.??.??"]

1. f4 d6 2. Nf3 g6 3. g3 Bg7 4. Bg2 c5 5. O-O Nc6 6. e4 Bg4 7. h3 Bxf3 8. Qxf3
Nf6 9. d3 O-O 10. c3 Qc7 11. Be3 Nd7 12. Nd2 Rac8 13. Rac1 Qb8 14. a3 a5 15.
Qf2 e5 16. f5 b5 17. g4 f6 18. h4 Ne7 19. Qg3 Rc7 20. g5 Qe8 21. Bh3 Kh8 22.
Rf2 gxf5 23. exf5 d5 24. Rcf1 Rb7 25. Nf3 d4 26. Bc1 dxc3 27. bxc3 b4 28. axb4
axb4 29. cxb4 cxb4 30. Nd2 b3 31. Nc4 Nc8 32. Bg2 Ra7 33. Ba3 Rg8 34. Bd5 Bf8
35. Bxg8 Bxa3 36. Nxa3 Qxg8 37. Nc4 Ndb6 38. Nxe5 fxe5 39. Qxe5+ Qg7 40. Re1
Nd7 41. Qe8+ Qf8 42. Qxf8+ Nxf8 43. Re8 Kg8 44. Rxc8 1-0

[Event "Guernsey International Chess Festival 2"]
[Site "?"]
[Date "2019.10.22"]
[Round "3.11"]
[White "Sedgwick, David R"]
[Black "Dijksterhuis, Rolf"]
[Result "1/2-1/2"]
[WhiteElo "1999"]
[BlackElo "1937"]
[PlyCount "54"]
[EventDate "2019.??.??"]

1. e4 c5 2. c3 d5 3. exd5 Qxd5 4. d4 Nf6 5. Nf3 Bg4 6. Be2 cxd4 7. cxd4 e6 8.
O-O Nc6 9. Nc3 Qd7 10. Be3 Be7 11. Qb3 O-O 12. Ne5 Nxe5 13. dxe5 Bxe2 14. exf6
Bxf1 15. fxe7 Qxe7 16. Rxf1 Rfd8 17. Ne4 h6 18. g3 Rd5 19. Nc3 Rd3 20. Rd1
Rxd1+ 21. Qxd1 Rd8 22. Qa4 a6 23. Qg4 Kh8 24. Ne2 Qd7 25. Bd4 f6 26. Bc3 e5 27.
Qxd7 Rxd7 1/2-1/2

[Event "Guernsey International Chess Festival 2"]
[Site "?"]
[Date "2019.10.22"]
[Round "3.12"]
[White "Sikkel, Dirk"]
[Black "Hamperl, Fred A"]
[Result "1/2-1/2"]
[WhiteElo "1918"]
[BlackElo "1995"]
[PlyCount "70"]
[EventDate "2019.??.??"]

1. e4 c5 2. Nf3 e6 3. b3 b6 4. Bb2 Bb7 5. Qe2 Nc6 6. g3 Nf6 7. e5 Ng4 8. Bg2
Be7 9. O-O O-O 10. h3 Nh6 11. d3 f5 12. Nbd2 Qc7 13. a4 g6 14. Rfe1 Rae8 15. c3
Nf7 16. Rac1 Qb8 17. d4 cxd4 18. cxd4 Nb4 19. Red1 Rc8 20. Nc4 Bd5 21. Nfd2
Bxg2 22. Kxg2 b5 23. axb5 Qxb5 24. f4 Nd5 25. Qf3 g5 26. Ne3 Nxe3+ 27. Qxe3 Kh8
28. Nc4 gxf4 29. gxf4 Rg8+ 30. Kh2 Qd5 31. Rg1 Rb8 32. Rxg8+ Rxg8 33. Rg1 Rxg1
34. Kxg1 Nd8 35. Qe2 Nc6 1/2-1/2

[Event "Guernsey International Chess Festival 2"]
[Site "?"]
[Date "2019.10.22"]
[Round "3.13"]
[White "Kwossek, Georg"]
[Black "Goris, Ton"]
[Result "1-0"]
[WhiteElo "1984"]
[BlackElo "1913"]
[PlyCount "51"]
[EventDate "2019.??.??"]

1. d4 e6 2. c4 c5 3. Nf3 cxd4 4. Nxd4 Nc6 5. g3 Bc5 6. Nb3 Bb4+ 7. Nc3 Nf6 8.
Bg2 O-O 9. O-O Bxc3 10. bxc3 d5 11. cxd5 Nxd5 12. Bb2 Nb6 13. Nd2 Qc7 14. c4
Rd8 15. Rc1 e5 16. f4 exf4 17. Rxf4 Be6 18. Qe1 Na4 19. Ba1 Rd7 20. Nb3 Rad8
21. Kh1 Ne5 22. c5 Nxc5 23. Nxc5 Qxc5 24. Rxc5 Rd1 25. Qxd1 Rxd1+ 26. Rf1 1-0

[Event "Guernsey International Chess Festival 2"]
[Site "?"]
[Date "2019.10.22"]
[Round "3.14"]
[White "Fassaert, Desire JM"]
[Black "Havenaar, Jan"]
[Result "0-1"]
[WhiteElo "1952"]
[BlackElo "2091"]
[PlyCount "52"]
[EventDate "2019.??.??"]

1. Nf3 g6 2. c4 Bg7 3. Nc3 c5 4. g3 Nc6 5. Bg2 d6 6. b3 Nf6 7. Bb2 O-O 8. O-O
e5 9. d3 Ne8 10. Qd2 Nc7 11. Nd5 Nxd5 12. cxd5 Ne7 13. e4 f5 14. Ng5 f4 15.
gxf4 Rxf4 16. Bh3 Bxh3 17. Nxh3 Rh4 18. Ng5 Nxd5 19. Ne6 Qf6 20. exd5 Qf3 21.
Rfe1 Bh6 22. Qd1 Qh3 23. Re4 Bf4 24. Nxf4 exf4 25. Qe1 Rg4+ 26. Kh1 Qg2# 0-1

[Event "Guernsey International Chess Festival 2"]
[Site "?"]
[Date "2019.10.22"]
[Round "3.15"]
[White "Kirby, Peter J"]
[Black "Van Dijk, Bram"]
[Result "0-1"]
[WhiteElo "2004"]
[BlackElo "1982"]
[PlyCount "82"]
[EventDate "2019.??.??"]

1. Nf3 g6 2. c4 Bg7 3. Nc3 c5 4. g3 Nc6 5. Bg2 d6 6. O-O e5 7. a3 Be6 8. d3 h6
9. Rb1 Nge7 10. b4 Qd7 11. Qa4 O-O 12. bxc5 dxc5 13. Bd2 Rad8 14. Ne1 b6 15.
Nc2 f5 16. Rbd1 f4 17. Qb5 Bg4 18. f3 Be6 19. Ne4 Kh8 20. Rb1 Nf5 21. Bc3 g5
22. a4 Nfd4 23. Nxd4 exd4 24. Bd2 Qc7 25. Be1 Be5 26. Kh1 Bd7 27. Qb2 Ne7 28.
a5 Rb8 29. Qa2 Nf5 30. axb6 axb6 31. g4 Ne3 32. Rg1 Bc6 33. Bd2 Bxe4 34. Bxe3
fxe3 35. fxe4 Bxh2 36. Rgf1 Qg3 37. Rf3 Rxf3 38. Bxf3 Qh4 39. Rg1 Bg3+ 40. Kg2
Qh2+ 41. Kf1 Qf2# 0-1

[Event "Guernsey International Chess Festival 2"]
[Site "?"]
[Date "2019.10.22"]
[Round "3.16"]
[White "Kraft, Karl Heinz"]
[Black "Taylor, Mark V"]
[Result "1/2-1/2"]
[WhiteElo "1986"]
[BlackElo "1921"]
[PlyCount "60"]
[EventDate "2019.??.??"]

1. e4 e6 2. d4 d5 3. Nc3 Bb4 4. e5 c5 5. Qg4 Ne7 6. dxc5 Nbc6 7. Bd2 O-O 8. Nf3
Ng6 9. Bd3 f5 10. exf6 Qxf6 11. Qh5 Nce5 12. Nxe5 Qxe5+ 13. Qxe5 Nxe5 14. Be2
Bxc5 15. f4 Nc6 16. O-O-O Bd7 17. Bg4 Ne7 18. Rhe1 Nf5 19. Bxf5 Rxf5 20. g3 Re8
21. a3 a6 22. Be3 Bxe3+ 23. Rxe3 g5 24. Ne2 gxf4 25. Nxf4 Kf7 26. c4 Rc8 27.
Rc3 Ba4 28. Rd4 Rxc4 29. Rdxc4 dxc4 30. Rxc4 Bc6 1/2-1/2

[Event "Guernsey International Chess Festival 2"]
[Site "?"]
[Date "2019.10.22"]
[Round "3.17"]
[White "Brookfield, Toby"]
[Black "De Kruif, Kees"]
[Result "1-0"]
[WhiteElo "1804"]
[BlackElo "1985"]
[PlyCount "47"]
[EventDate "2019.??.??"]

1. e4 c5 2. Nf3 d6 3. d4 cxd4 4. Nxd4 Nf6 5. Nc3 a6 6. f4 e6 7. Qf3 Be7 8. Be3
O-O 9. O-O-O Qa5 10. g4 Nc6 11. g5 Nd7 12. Nb3 Qc7 13. h4 b5 14. Kb1 Bb7 15.
Bd3 Nb4 16. Qh3 Nxd3 17. cxd3 Nc5 18. g6 b4 19. Ne2 Nxe4 20. Rc1 Qd7 21. Rcg1
Nc5 22. gxh7+ Kxh7 23. Rxg7+ Kxg7 24. Qg4+ 1-0

[Event "Guernsey International Chess Festival 2"]
[Site "?"]
[Date "2019.10.22"]
[Round "3.18"]
[White "Burton, Ronnie"]
[Black "Prins, Jan H"]
[Result "1/2-1/2"]
[WhiteElo "1862"]
[BlackElo "1987"]
[PlyCount "25"]
[EventDate "2019.??.??"]

1. d4 d5 2. Nf3 c6 3. Bf4 Bf5 4. e3 e6 5. c4 Bxb1 6. Rxb1 Bb4+ 7. Nd2 Nf6 8. a3
Bxd2+ 9. Qxd2 Ne4 10. Qb4 Qb6 11. Qxb6 axb6 12. Bd3 O-O 13. f3 1/2-1/2

[Event "Guernsey International Chess Festival 2"]
[Site "?"]
[Date "2019.10.22"]
[Round "3.19"]
[White "Murray, J Stephen"]
[Black "Magnussen, Pal"]
[Result "0-1"]
[WhiteElo "1736"]
[BlackElo "1983"]
[PlyCount "112"]
[EventDate "2019.??.??"]

1. e4 e5 2. Nf3 Nc6 3. Bc4 Bc5 4. c3 Nf6 5. d3 d6 6. O-O O-O 7. h3 a6 8. a4 Be6
9. Nbd2 Ba7 10. Re1 Nd7 11. Ba2 Nc5 12. Nf1 b5 13. axb5 axb5 14. Be3 Qe7 15.
Bxe6 Nxe6 16. Bxa7 Rxa7 17. Rxa7 Nxa7 18. d4 Nf4 19. Ng3 g6 20. Ne2 Ne6 21.
dxe5 dxe5 22. Qd5 f6 23. Ra1 Rd8 24. Qb3 Ra8 25. Ra6 Kf7 26. Qa2 c5 27. Ng3 c4
28. b4 Qb7 29. Nf1 Nc7 30. Ra3 Nc8 31. Rxa8 Nxa8 32. N3d2 Nd6 33. f3 Qb6+ 34.
Kh2 Nc7 35. Nb1 Ne6 36. g3 f5 37. exf5 gxf5 38. Qe2 Kf6 39. Ne3 Qb7 40. Nd2 h5
41. Ng2 Qd5 42. Ne1 Kg6 43. Nf1 h4 44. gxh4 Nf4 45. Qe3 Nf7 46. Ng3 Qd1 47. Ng2
Qc2 48. Qb6+ Kh7 49. Qg1 Nh8 50. h5 Nf7 51. h4 Nd6 52. Kh1 Nxg2 53. Qxg2 Qxc3
54. Nxf5 Qc1+ 55. Kh2 Qf4+ 56. Ng3 Nf5 0-1

[Event "Guernsey International Chess Festival 2"]
[Site "?"]
[Date "2019.10.22"]
[Round "3.20"]
[White "Agustsson, Hafsteinn"]
[Black "Korte, Markus"]
[Result "1/2-1/2"]
[WhiteElo "1804"]
[BlackElo "1975"]
[PlyCount "110"]
[EventDate "2019.??.??"]

1. e4 e5 2. Nf3 Nf6 3. Nxe5 d6 4. Nf3 Nxe4 5. Qe2 Qe7 6. d3 Nf6 7. Bg5 Nbd7 8.
Nc3 Qxe2+ 9. Bxe2 Be7 10. O-O O-O 11. d4 h6 12. Bh4 a6 13. a4 Re8 14. h3 b6 15.
Rfe1 Bb7 16. Bd3 Rac8 17. Bf5 Rcd8 18. Re2 Nb8 19. Rae1 Kf8 20. Re3 Nc6 21. Na2
Nd5 22. Rd3 Bxh4 23. Rxe8+ Rxe8 24. Nxh4 Nf4 25. Rd1 Nxd4 26. g3 Nxf5 27. Nxf5
Nxh3+ 28. Kf1 Ng5 29. Nc3 Re5 30. Ne3 Nf3 31. Ncd5 Rh5 32. Nxc7 Nh2+ 33. Ke1
Nf3+ 34. Ke2 Rc5 35. Nxa6 Ra5 36. Nc7 Rxa4 37. Rxd6 Nd4+ 38. Kd3 Nc6 39. Ncd5
b5 40. c3 Ra2 41. Kc2 g6 42. Rd7 Ra7 43. Ng4 Kg7 44. Kd2 h5 45. Nge3 Nb8 46.
Rc7 Na6 47. Rd7 Nc5 48. Rc7 Ne4+ 49. Ke2 Nd6 50. Rd7 Ra6 51. Nb4 Rb6 52. Ned5
Bxd5 53. Nxd5 Rc6 54. Nb4 Rb6 55. Nd5 Rc6 1/2-1/2

[Event "Guernsey International Chess Festival 2"]
[Site "?"]
[Date "2019.10.23"]
[Round "4.1"]
[White "Povah, Nigel E"]
[Black "Hebden, Mark L"]
[Result "0-1"]
[WhiteElo "2301"]
[BlackElo "2427"]
[PlyCount "94"]
[EventDate "2019.??.??"]

1. d4 Nf6 2. Bf4 g6 3. Nc3 d5 4. e3 Bg7 5. h4 c5 6. Nb5 Na6 7. c3 Bg4 8. Be2
Bxe2 9. Qxe2 O-O 10. Nf3 Qb6 11. Ne5 c4 12. a4 Nb8 13. Ng4 Nbd7 14. Nh6+ Kh8
15. g4 a6 16. Na3 e5 17. dxe5 Ne4 18. Rd1 Qc6 19. Nc2 Nxe5 20. Bxe5 Bxe5 21.
Nb4 Qe6 22. Nxd5 Bg7 23. g5 Rac8 24. Nf4 Qc6 25. O-O f6 26. Qg4 Rce8 27. Qd7
Qxd7 28. Rxd7 fxg5 29. hxg5 Nxg5 30. Ng4 Rf7 31. Rfd1 Kg8 32. Rd8 Kf8 33. Kg2
Rc7 34. Rxe8+ Kxe8 35. Nd5 Rc6 36. f4 Ne4 37. Nb4 Rb6 38. Rd5 Nxc3 39. bxc3
Bxc3 40. Nxa6 bxa6 41. Rc5 Rb4 42. a5 Ra4 43. Rc6 Bxa5 44. Rxa6 c3 45. Ne5 c2
46. Nd3 Ra3 47. Nc1 Bb4 0-1

[Event "Guernsey International Chess Festival 2"]
[Site "?"]
[Date "2019.10.23"]
[Round "4.2"]
[White "Baker, Chris W"]
[Black "Wager, John D"]
[Result "1-0"]
[WhiteElo "2245"]
[BlackElo "2013"]
[PlyCount "61"]
[EventDate "2019.??.??"]

1. d4 Nf6 2. Nf3 d5 3. c4 c6 4. e3 e6 5. b3 Nbd7 6. Bb2 Be7 7. Nbd2 O-O 8. Qc2
a6 9. Be2 dxc4 10. Nxc4 Bb4+ 11. Kf1 Be7 12. Rc1 Nb6 13. Nce5 Nfd5 14. g3 f6
15. Nd3 Nb4 16. Nxb4 Bxb4 17. Kg2 Bd7 18. a3 Be7 19. h4 Rc8 20. Bd3 f5 21. b4
Be8 22. h5 Bf6 23. e4 g6 24. hxg6 hxg6 25. Qd2 Rc7 26. Qh6 Rg7 27. Rce1 fxe4
28. Rxe4 Qd5 29. Rf4 Nd7 30. Be4 Qb3 31. Ng5 1-0

[Event "Guernsey International Chess Festival 2"]
[Site "?"]
[Date "2019.10.23"]
[Round "4.3"]
[White "Collier, David O"]
[Black "Bianco, Valerio"]
[Result "0-1"]
[WhiteElo "2009"]
[BlackElo "2088"]
[PlyCount "54"]
[EventDate "2019.??.??"]

1. d4 d5 2. Nf3 e6 3. g3 f5 4. Bg2 Nf6 5. c4 Bd6 6. O-O O-O 7. Nc3 c6 8. b3
Nbd7 9. e3 Ne4 10. Ne2 b6 11. Bb2 Bb7 12. a4 a5 13. Rc1 Qe7 14. Nd2 Bb4 15. Nb1
Rfd8 16. Nec3 Rac8 17. Na2 Bd6 18. Re1 dxc4 19. bxc4 Ndf6 20. f3 Ng5 21. e4
fxe4 22. fxe4 e5 23. d5 Bc5+ 24. Kh1 Rc7 25. h4 Bc8 26. hxg5 Ng4 27. Qd2 Qf7
0-1

[Event "Guernsey International Chess Festival 2"]
[Site "?"]
[Date "2019.10.23"]
[Round "4.5"]
[White "Heppell, Ian N"]
[Black "Reijneveld, Ad"]
[Result "1-0"]
[WhiteElo "1995"]
[BlackElo "2056"]
[PlyCount "49"]
[EventDate "2019.??.??"]

1. e4 c5 2. Nc3 Nc6 3. f4 g6 4. Nf3 Bg7 5. g3 e6 6. Bg2 Nge7 7. d3 d6 8. O-O
O-O 9. g4 f5 10. gxf5 gxf5 11. Kh1 Kh8 12. Ng5 Qe8 13. Nb5 h6 14. Nxd6 Qg6 15.
Nf3 e5 16. fxe5 Nxe5 17. Nxc8 Raxc8 18. Bf4 Nxf3 19. Qxf3 fxe4 20. Qxe4 Qxe4
21. Bxe4 b6 22. Bd6 Rxf1+ 23. Rxf1 Ng8 24. Rf7 Rd8 25. Be5 1-0

[Event "Guernsey International Chess Festival 2"]
[Site "?"]
[Date "2019.10.23"]
[Round "4.6"]
[White "Van den Boogaart, Jan Maarten"]
[Black "Rosen, Daniel B"]
[Result "1-0"]
[WhiteElo "2039"]
[BlackElo "1990"]
[PlyCount "41"]
[EventDate "2019.??.??"]

1. e4 d6 2. d4 g6 3. Nc3 Bg7 4. Be3 c6 5. Qd2 Nd7 6. Nf3 b5 7. Bd3 Bb7 8. O-O
a6 9. a4 e5 10. dxe5 dxe5 11. axb5 axb5 12. Bxb5 cxb5 13. Nxb5 Bf8 14. Rxa8
Bxa8 15. Rd1 Bc6 16. Nxe5 Bxb5 17. Qd5 Qe7 18. Qxb5 Ngf6 19. Nc6 Qe6 20. Qb8+
Nxb8 21. Rd8# 1-0

[Event "Guernsey International Chess Festival 2"]
[Site "?"]
[Date "2019.10.23"]
[Round "4.8"]
[White "Morcom, Huw"]
[Black "Pleasants, Allan J"]
[Result "1/2-1/2"]
[WhiteElo "1906"]
[BlackElo "2019"]
[PlyCount "83"]
[EventDate "2019.??.??"]

1. e4 c5 2. Nf3 e6 3. d3 Nc6 4. Be2 d6 5. O-O Nf6 6. Nbd2 Be7 7. Re1 O-O 8. Nf1
Qc7 9. Ng3 Re8 10. Bf1 b6 11. b3 Bb7 12. Bb2 e5 13. Bc1 d5 14. Bg5 Rad8 15. Qc1
Bc8 16. Qb2 d4 17. h3 h6 18. Bd2 Bf8 19. Re2 b5 20. a4 a6 21. axb5 axb5 22. Nf5
Be6 23. g4 Ra8 24. g5 Nh5 25. gxh6 g6 26. Ng7 Nxg7 27. hxg7 Bxg7 28. Rxa8 Rxa8
29. Ng5 Bc8 30. Qc1 f6 31. Nf3 Be6 32. Nh4 Ne7 33. f4 c4 34. bxc4 bxc4 35. dxc4
Bxc4 36. Rg2 Bf7 37. fxe5 Qxe5 38. Bd3 Qh5 39. Qe1 g5 40. Nf5 Nxf5 41. exf5 Re8
42. Qf2 1/2-1/2

[Event "Guernsey International Chess Festival 2"]
[Site "?"]
[Date "2019.10.23"]
[Round "4.9"]
[White "Hamperl, Fred A"]
[Black "White, Nigel"]
[Result "0-1"]
[WhiteElo "1995"]
[BlackElo "1975"]
[PlyCount "86"]
[EventDate "2019.??.??"]

1. e4 c5 2. Nc3 a6 3. f4 b5 4. Nf3 Bb7 5. d3 e6 6. Be2 d6 7. O-O Nc6 8. Qe1 Nf6
9. Qg3 Qc7 10. e5 Nd7 11. exd6 Qxd6 12. Ne4 Qc7 13. Be3 Nb4 14. Bd1 c4 15. Nf2
Nd5 16. Ne5 Nxe3 17. Qxe3 Be7 18. Bh5 O-O 19. Nxf7 Rxf7 20. Bxf7+ Kxf7 21. Rae1
Nf8 22. Ne4 Kg8 23. d4 Rd8 24. c3 Bd5 25. Qg3 Qc6 26. Ng5 Ng6 27. h4 Bf6 28.
Qg4 Nf8 29. h5 h6 30. Nf3 Qb7 31. Re3 Nh7 32. Rfe1 Rf8 33. Kh1 Rf7 34. f5 exf5
35. Re8+ Nf8 36. Qg3 Be4 37. Rb8 Qc6 38. Nd2 Bg5 39. Nf3 Bf6 40. Ne5 Bxe5 41.
Qxe5 Bxg2+ 42. Kg1 Be4 43. Kf2 Qf6 0-1

[Event "Guernsey International Chess Festival 2"]
[Site "?"]
[Date "2019.10.23"]
[Round "4.10"]
[White "Havenaar, Jan"]
[Black "Sikkel, Dirk"]
[Result "1-0"]
[WhiteElo "2091"]
[BlackElo "1918"]
[PlyCount "43"]
[EventDate "2019.??.??"]

1. Nc3 g6 2. d4 Bg7 3. e4 d6 4. Be3 a6 5. f4 b5 6. Bd3 Bb7 7. Nf3 Nd7 8. e5 Nh6
9. Be4 Bxe4 10. Nxe4 c5 11. c3 Nf5 12. Qd2 Nxe3 13. Qxe3 O-O 14. e6 f5 15. Nxd6
Qc7 16. Nxb5 axb5 17. exd7 Qxd7 18. dxc5 b4 19. cxb4 Rfd8 20. O-O Qa4 21. Qe6+
Kh8 22. Ne5 1-0

[Event "Guernsey International Chess Festival 2"]
[Site "?"]
[Date "2019.10.23"]
[Round "4.11"]
[White "Prins, Jan H"]
[Black "Dilleigh, Stephen P"]
[Result "1/2-1/2"]
[WhiteElo "1987"]
[BlackElo "2037"]
[PlyCount "34"]
[EventDate "2019.??.??"]

1. d4 d5 2. c4 e6 3. Nc3 Nf6 4. e3 c5 5. Nf3 Nc6 6. a3 dxc4 7. Bxc4 a6 8. O-O
b5 9. Be2 Bb7 10. dxc5 Bxc5 11. b4 Bd6 12. Bb2 O-O 13. Rc1 Qe7 14. Qb3 e5 15.
Rfd1 e4 16. Nd4 Nxd4 17. Rxd4 Be5 1/2-1/2

[Event "Guernsey International Chess Festival 2"]
[Site "?"]
[Date "2019.10.23"]
[Round "4.12"]
[White "Van Dijk, Bram"]
[Black "Sedgwick, David R"]
[Result "1-0"]
[WhiteElo "1982"]
[BlackElo "1999"]
[PlyCount "81"]
[EventDate "2019.??.??"]

1. e4 e5 2. Nf3 d6 3. c3 f5 4. d3 Nf6 5. Qb3 Qd7 6. exf5 Qf7 7. Qxf7+ Kxf7 8.
Ng5+ Ke7 9. f4 Bxf5 10. fxe5 dxe5 11. Na3 Nbd7 12. Be3 h6 13. Nf3 Nd5 14. Bf2
Kf7 15. Nc4 Bd6 16. O-O-O b5 17. Nxd6+ cxd6 18. g3 Rac8 19. Bg2 Nb4 20. Ne1
Nxa2+ 21. Kb1 Be6 22. Nc2 Ke7 23. Ne3 Nb6 24. g4 Na4 25. Be1 Bb3 26. Rd2 Nb6
27. Bg3 Rhd8 28. Rf1 Rf8 29. d4 Rxf1+ 30. Bxf1 b4 31. dxe5 d5 32. Nf5+ Ke6 33.
Nd4+ Kf7 34. Nxb3 Nxc3+ 35. bxc3 bxc3 36. Rf2+ Kg8 37. e6 Nc4 38. Bxc4 dxc4 39.
Nd4 Re8 40. Bd6 a5 41. e7 1-0

[Event "Guernsey International Chess Festival 2"]
[Site "?"]
[Date "2019.10.23"]
[Round "4.13"]
[White "Taylor, Mark V"]
[Black "Brookfield, Toby"]
[Result "1/2-1/2"]
[WhiteElo "1921"]
[BlackElo "1804"]
[PlyCount "41"]
[EventDate "2019.??.??"]

1. d4 f5 2. Nc3 Nf6 3. Bg5 d5 4. Bxf6 exf6 5. e3 Be6 6. Bd3 Nc6 7. a3 Qd7 8.
Nge2 h5 9. Qd2 Bd6 10. O-O-O O-O-O 11. Kb1 Kb8 12. Rc1 a6 13. Na4 g6 14. c4
dxc4 15. Bxc4 Bxc4 16. Rxc4 Ne7 17. Nc5 Bxc5 18. Rxc5 b6 19. Rc2 Nd5 20. Rhc1
Rc8 21. Nc3 1/2-1/2

[Event "Guernsey International Chess Festival 2"]
[Site "?"]
[Date "2019.10.23"]
[Round "4.14"]
[White "Goris, Ton"]
[Black "Kraft, Karl Heinz"]
[Result "1/2-1/2"]
[WhiteElo "1913"]
[BlackElo "1986"]
[PlyCount "71"]
[EventDate "2019.??.??"]

1. e4 e6 2. d4 d5 3. e5 c5 4. c3 Nc6 5. Nf3 Nh6 6. Bd3 f6 7. exf6 Qxf6 8. Bg5
Qf7 9. O-O cxd4 10. cxd4 Nf5 11. Re1 Bd6 12. Nc3 O-O 13. Be3 Qh5 14. h3 Nh4 15.
Nxh4 Qxh4 16. Qg4 Qf6 17. Qh5 g6 18. Qh6 Nxd4 19. Rad1 Nf5 20. Bxf5 gxf5 21.
Qh5 Qg6 22. Qe2 Bd7 23. Bd4 b6 24. Be5 Bxe5 25. Qxe5 Qf6 26. f4 Qxe5 27. Rxe5
Rac8 28. Rd2 Rc4 29. Ne2 Rfc8 30. Nd4 Kf7 31. Kf2 Rc1 32. Re1 Rxe1 33. Kxe1
Rc1+ 34. Kf2 Ke7 35. Re2 Kf6 36. Nf3 1/2-1/2

[Event "Guernsey International Chess Festival 2"]
[Site "?"]
[Date "2019.10.23"]
[Round "4.15"]
[White "Magnussen, Pal"]
[Black "Spanton, Timothy R"]
[Result "1/2-1/2"]
[WhiteElo "1983"]
[BlackElo "1927"]
[PlyCount "89"]
[EventDate "2019.??.??"]

1. e4 c5 2. Nf3 g6 3. d4 cxd4 4. Nxd4 Nc6 5. Nxc6 bxc6 6. Qd4 Nf6 7. e5 Nd5 8.
e6 f6 9. c4 Nb4 10. Qc3 Na6 11. exd7+ Qxd7 12. Be3 e5 13. a3 Bc5 14. Be2 Bd4
15. Qc2 Rb8 16. Nc3 Bxe3 17. fxe3 Nc5 18. b4 Ne6 19. Rd1 Qe7 20. Bf3 Bd7 21.
Ne4 O-O 22. c5 a5 23. Qd2 Rfd8 24. O-O f5 25. Nd6 axb4 26. axb4 Ng5 27. Be2 Be6
28. Qc3 Bd5 29. Bc4 Bxc4 30. Qxc4+ Qe6 31. Qc3 Nf7 32. Nc4 e4 33. h3 Rxd1 34.
Rxd1 Rd8 35. Rxd8+ Nxd8 36. Qd4 Nf7 37. Nd6 Ne5 38. b5 cxb5 39. Nxb5 Nc6 40.
Qa4 Kg7 41. Kf1 Qd5 42. Nd4 Nxd4 43. Qxd4+ Qxd4 44. exd4 Kf6 45. c6 1/2-1/2

[Event "Guernsey International Chess Festival 2"]
[Site "?"]
[Date "2019.10.23"]
[Round "4.16"]
[White "Rowe, Peter"]
[Black "Gravett, Alan D"]
[Result "1/2-1/2"]
[WhiteElo "1957"]
[BlackElo "1831"]
[PlyCount "29"]
[EventDate "2019.??.??"]

1. d4 Nf6 2. Nf3 g6 3. Bf4 Bg7 4. e3 d6 5. h3 O-O 6. Be2 Nbd7 7. O-O e5 8. dxe5
dxe5 9. Nxe5 Nh5 10. Nxd7 Nxf4 11. Nxf8 Nxe2+ 12. Qxe2 Bxb2 13. Nd2 Bxa1 14.
Rxa1 Qxf8 15. a3 1/2-1/2

[Event "Guernsey International Chess Festival 2"]
[Site "?"]
[Date "2019.10.23"]
[Round "4.17"]
[White "Canonne, Antoine"]
[Black "Kirby, Peter J"]
[Result "1/2-1/2"]
[WhiteElo "1908"]
[BlackElo "2004"]
[PlyCount "55"]
[EventDate "2019.??.??"]

1. e4 c5 2. Nc3 e6 3. f4 d5 4. Bb5+ Bd7 5. Bxd7+ Qxd7 6. d3 Nc6 7. Nf3 Nge7 8.
O-O g6 9. Bd2 Bg7 10. Qe1 Nd4 11. Rc1 O-O 12. Nd1 Rfd8 13. Nxd4 cxd4 14. Nf2
dxe4 15. dxe4 f5 16. e5 Rac8 17. a3 Rc4 18. Qd1 Nd5 19. Nd3 Bf8 20. Rf3 Rdc8
21. h4 h5 22. Kh2 Kh7 23. Ne1 Be7 24. Kh3 Rd8 25. Rd3 Qc8 26. Qf3 b5 27. g3 Rd7
28. Rd1 1/2-1/2

[Event "Guernsey International Chess Festival 2"]
[Site "?"]
[Date "2019.10.23"]
[Round "4.18"]
[White "Dijksterhuis, Rolf"]
[Black "Burton, Ronnie"]
[Result "1/2-1/2"]
[WhiteElo "1937"]
[BlackElo "1862"]
[PlyCount "43"]
[EventDate "2019.??.??"]

1. d4 d6 2. e4 Nf6 3. Nc3 e5 4. dxe5 dxe5 5. Qxd8+ Kxd8 6. Bc4 Be6 7. Bxe6 fxe6
8. Nf3 Bd6 9. Be3 a6 10. O-O-O Ke7 11. h3 b5 12. Nd2 Nc6 13. g4 h6 14. Ne2 g5
15. f3 Kf7 16. h4 Kg6 17. Nb3 Nd7 18. Rh3 Raf8 19. Ng1 a5 20. Kb1 a4 21. Nc1
Rd8 22. Nd3 1/2-1/2

[Event "Guernsey International Chess Festival 2"]
[Site "?"]
[Date "2019.10.23"]
[Round "4.19"]
[White "De Kruif, Kees"]
[Black "Murray, J Stephen"]
[Result "1/2-1/2"]
[WhiteElo "1985"]
[BlackElo "1736"]
[PlyCount "23"]
[EventDate "2019.??.??"]

1. c4 e6 2. g3 Nf6 3. Bg2 d5 4. Nf3 Be7 5. O-O O-O 6. d3 d4 7. a3 c5 8. Bg5 Nc6
9. e4 e5 10. h3 h6 11. Bxf6 Bxf6 12. Kh2 1/2-1/2